[Event "24th Staufer-Open"]
[Site "Schwaebisch Gmuend GER"]
[Date "2012.01.06"]
[Round "9"]
[White "Zeller,F"]
[Black "Buhmann,R"]
[Result "1-0"]
[WhiteElo "2402"]
[BlackElo "2617"]

1.c4 e6 2.Nf3 d5 3.b3 Nf6 4.g3 Be7 5.Bg2 O-O 6.O-O a5 7.Nc3 b6 8.Bb2 Bb7
9.cxd5 exd5 10.d4 Re8 11.Rc1 Na6 12.Ne5 Bf8 13.e3 c5 14.Qf3 Rc8 15.Rfd1 cxd4
16.exd4 Nc7 17.Na4 Qd6 18.h3 Qe6 19.Re1 Bb4 20.Re2 Na8 21.Rec2 Rxc2 22.Rxc2 Ne4
23.Qd3 f6 24.Nf3 Qd7 25.Bf1 Rc8 26.Qb5 Qxb5 27.Rxc8+ Bxc8 28.Bxb5 Bb7 29.Bc1 Kf7
30.Kf1 Ke7 31.Bf4 g5 32.Bb8 h5 33.h4 gxh4 34.Ne1 Nc3 35.Nxc3 Bxc3 36.Nc2 Kd8
37.Ke2 Nc7 38.Bd3 Bc6 39.a4 Be8 40.Ke3 Ne6 41.Bf5 Ng7 42.Bh7 Bb2 43.Kd3 Ne6
44.Bf5 Ng7 45.Bh7 b5 46.axb5 Bxb5+ 47.Kd2 Bd7 48.Ba7 Kc7 49.Ne3 Kc6 50.Bg8 Be6
51.Bh7 Ba3 52.Bb8 Bb4+ 53.Ke2 Bc8 54.Nc2 Bc3 55.Kd3 Bb2 56.Kd2 Bf5 57.Bxf5 Nxf5
58.Kd3 Bc1 59.Ke2 Bh6 60.f3 Nxg3+ 61.Bxg3  1-0

[Event "10th Parsvnath Open"]
[Site "New Delhi IND"]
[Date "2012.01.19"]
[Round "7.35"]
[White "Sangma,R"]
[Black "Akshat,Chandra"]
[Result "0-1"]
[WhiteElo "2357"]
[BlackElo "2087"]

1.c4 e6 2.Nf3 d5 3.b3 Nf6 4.Bb2 Be7 5.g3 O-O 6.Bg2 c5 7.e3 Nc6 8.O-O b6 9.Qe2 Ba6
10.Nc3 Qd7 11.d3 Rfe8 12.h3 Rad8 13.Rad1 Qc8 14.Ba1 Bb7 15.cxd5 exd5 16.Qb2 d4
17.Nb5 a6 18.Na3 dxe3 19.fxe3 Nb4 20.Ne5 Bxg2 21.Kxg2 Qe6 22.e4 Rd4 23.Nf3 Rxd3
24.Ng5 Qc6 25.Nc4 Rxd1 26.Rxd1 h6 27.Nf3 b5 28.Ncd2 Qe6 29.a3 Nc6 30.Re1 Rd8
31.e5 Ne8 32.Qc2 Nc7 33.Ne4 Qd5 34.Nc3 Qxf3+  0-1

[Event "12th ch-CRO"]
[Site "Opatija CRO"]
[Date "2012.01.23"]
[Round "7.6"]
[White "Sulava,N"]
[Black "Palac,M"]
[Result "1/2-1/2"]
[WhiteElo "2514"]
[BlackElo "2572"]

1.c4 e6 2.Nf3 d5 3.b3 Nf6 4.Bb2 Be7 5.g3 b6 6.Bg2 Bb7 7.O-O O-O 8.d3 dxc4
9.dxc4 Nbd7 10.Nbd2 c5 11.Ne5 Bxg2  1/2-1/2

[Event "Gibraltar Open"]
[Site "Caleta ENG"]
[Date "2012.01.24"]
[Round "1.16"]
[White "Bosboom,M"]
[Black "Fridman,D"]
[Result "0-1"]
[WhiteElo "2394"]
[BlackElo "2660"]

1.c4 e6 2.Nf3 d5 3.e3 Nf6 4.a3 Be7 5.g4 O-O 6.Rg1 c5 7.b4 Nc6 8.Bb2 cxb4
9.axb4 Nxb4 10.Nc3 b6 11.g5 Ne4 12.Nxe4 dxe4 13.Ne5 Bb7 14.Qh5 Nc2+ 15.Kd1 Nxa1
16.Ng4 Nb3 17.d3 e5 18.Bxe5 exd3 19.Nf6+ Bxf6 20.gxf6 g6 21.Rg3 Bf3+ 22.Qxf3 Qd7
23.Qf4 Nc5 24.Bh3 Qa4+ 25.Ke1 d2+ 26.Kxd2 Qa2+ 27.Kd1 Rad8+ 28.Bd4 Rfe8 29.Bf5 Nb3  0-1

[Event "11th Marienbad Open"]
[Site "Marianske Lazne CZE"]
[Date "2012.01.24"]
[Round "4"]
[White "Krantz,C"]
[Black "Fox,An"]
[Result "1/2-1/2"]
[WhiteElo "2244"]
[BlackElo "2077"]

1.c4 e6 2.Nf3 d5 3.g3 Nf6 4.Bg2 Be7 5.O-O O-O 6.b3 c5 7.Bb2 Nc6 8.e3 d4 9.exd4 cxd4
10.Re1 Ne8 11.Ne5 Nxe5 12.Rxe5 f6 13.Re2 e5 14.Ba3 Bxa3 15.Nxa3 Qa5 16.Nb1 Nd6
17.d3 Bg4 18.f3 Bd7 19.Nd2 Nf5 20.Nf1 Qc5 21.Qd2 a5 22.f4 exf4 23.Qxf4 Nd6
24.Rae1 Rae8 25.Nd2 Rxe2 26.Rxe2 Bf5 27.Ne4 Bxe4 28.Bxe4 Nxe4 29.Qxe4 Rf7
30.Qe7 Rf8 31.Qe6+ Rf7 32.Re4 g6 33.Qd5 Qxd5 34.cxd5 Rd7 35.Rxd4 Kf7 36.Kf2 f5
37.Rc4 Rxd5 38.Rc7+ Kf6 39.Rxb7 Rxd3 40.Ke2 Rc3 41.Kd1 Rf3 42.Ke2 Rc3 43.Rd7 Rc2+
44.Rd2 Rc6 45.a3 Ke5 46.Kd3 Rd6+ 47.Ke3 Rc6 48.h4 h6 49.b4 axb4 50.axb4 g5
51.h5 Rc3+ 52.Rd3 f4+ 53.gxf4+ gxf4+ 54.Kd2 Rc4 55.Rb3 f3 56.b5 Kf4 57.b6 Rc8
58.b7 Rb8 59.Ke1 Kg4 60.Rb5 Kg3 61.Kf1 f2 62.Rb4 Kf3 63.Rb6 Kg4 64.Rb5 Kf3
65.Rf5+ Kg4 66.Rf7 Kxh5 67.Rg7 Rf8 68.Rf7 Rb8 69.Rg7 Rf8 70.Rc7 Rb8 71.Kxf2 Kg5
72.Ke3 Kf5 73.Kd4 h5 74.Kd5 h4 75.Kc6 h3 76.Rc8 Rxb7 77.Kxb7 Kg4 78.Rc1 h2
79.Kc6 Kg3 80.Kd5 Kg2 81.Ke4 h1=Q 82.Rxh1 Kxh1  1/2-1/2

[Event "Gibraltar Open"]
[Site "Caleta ENG"]
[Date "2012.01.26"]
[Round "3.58"]
[White "Sos Andreu,E"]
[Black "Nezad,H"]
[Result "1-0"]
[WhiteElo "2113"]
[BlackElo "2402"]

1.c4 e6 2.Nf3 d5 3.g3 Nf6 4.d4 dxc4 5.Bg2 a6 6.O-O Nc6 7.e3 Bd7 8.Qe2 b5
9.b3 cxb3 10.axb3 Bd6 11.Bb2 O-O 12.Rd1 Qe7 13.Nbd2 Rfd8 14.Ne5 Bxe5 15.dxe5 Nd5
16.Ne4 Ncb4 17.Rac1 a5 18.Rd4 Rac8 19.Ba3 Be8 20.Nc5 h6 21.Nb7 c5 22.Nxd8 Rxd8
23.Rd2 Rc8 24.Be4 Bc6 25.Qf3 Ba8 26.h4 Qc7 27.Bb2 c4 28.bxc4 bxc4 29.Bd4 a4
30.Rb2 Qd8 31.Rbb1 a3 32.Qe2 a2 33.Ra1 c3 34.Kh2 Nf4 35.Qf3 Bxe4 36.Qxf4 Qd5
37.Rxc3 Rxc3 38.Bxc3 Nd3 39.Qg4 Qc4 40.Be1  1-0

[Event "Moscow Open 2012 A"]
[Site "Moscow RUS"]
[Date "2012.01.28"]
[Round "1.24"]
[White "Kovalenko,I"]
[Black "Morozov,G"]
[Result "1-0"]
[WhiteElo "2587"]
[BlackElo "2351"]

1.c4 e6 2.Nf3 d5 3.d4 c6 4.Qc2 Nf6 5.e3 Bd6 6.Nc3 Nbd7 7.Bd3 a6 8.O-O dxc4
9.Bxc4 c5 10.dxc5 Bxc5 11.Rd1 O-O 12.Bd3 Qe7 13.Bd2 h6 14.Rac1 b6 15.Ne4 Bb7
16.Nxc5 Nxc5 17.Be2 Rac8 18.Be1 Be4 19.Qc3 Qb7 20.Qa3 a5 21.Bc3 Nd5 22.Bd4 Na6
23.Qd6 Bc2 24.Qe5 Nf6 25.Qg3 Nh5 26.Qh4 Nf6 27.Re1 Ne8 28.Rxc2 Rxc2 29.Bd3 Rc8
30.Ng5 f6 31.Nxe6 Rf7 32.Qg4 Nb4 33.Be4 Qe7 34.Qf5 g5 35.Qg6+ Rg7 36.Nxg7 Qxg7
37.Qxg7+ Kxg7 38.Bxb6 a4 39.a3 Nd6 40.axb4 Nxe4 41.f3 Nd2 42.Ra1 Rc2 43.Rxa4 Rxb2
44.Ra7+ Kg6 45.Ra6 g4 46.Bd4 Rxb4 47.Rxf6+ Kg5 48.Rf8 h5 49.Kf2  1-0

[Event "Moscow Open D 2012"]
[Site "Moscow RUS"]
[Date "2012.01.29"]
[Round "2"]
[White "Belous,V"]
[Black "Swiercz,D"]
[Result "1-0"]
[WhiteElo "2522"]
[BlackElo "2583"]

1.c4 e6 2.Nf3 d5 3.g3 dxc4 4.Qa4+ Nd7 5.Qxc4 a6 6.Bg2 b5 7.Qc2 Bb7 8.O-O Ngf6
9.a4 c5 10.d3 Be7 11.Nc3 Qb6 12.axb5 axb5 13.Rxa8+ Bxa8 14.Qb3 Nd5 15.Bg5 Nxc3
16.Qxc3 Bxg5 17.Nxg5 O-O 18.Ra1 Bxg2 19.Kxg2 h6 20.Ne4 c4 21.dxc4 Qc6 22.f3 Qxc4
23.Qxc4 bxc4 24.Nd6 Nb6 25.Ra6 Rb8 26.Kf2 g5 27.e4 g4 28.fxg4 Nd7 29.Nxc4 Rb3
30.Ke2 Nc5 31.Rb6 Rxb6 32.Nxb6 Nxe4 33.Nd7 Kg7 34.b4 f5 35.gxf5 exf5 36.Ke3 Kg6
37.b5 Nd6 38.b6 Kg5 39.Kf3 Nb7 40.h4+ Kg6 41.Kf4 Kh5 42.Kxf5 Nd6+ 43.Kf4 Nb7
44.Ne5 Nd6 45.Kf3 Nb7 46.Kg2  1-0

[Event "TCh-HUN 2011-12"]
[Site "Zalaegerszeg HUN"]
[Date "2012.01.29"]
[Round "5"]
[White "Banusz,T"]
[Black "Horvath,Jo2"]
[Result "1-0"]
[WhiteElo "2552"]
[BlackElo "1985"]

1.c4 e6 2.Nf3 d5 3.g3 Nf6 4.d4 c5 5.Bg2 Nc6 6.O-O Be7 7.cxd5 exd5 8.Nc3 O-O
9.Bg5 c4 10.Ne5 Be6 11.Rc1 h6 12.Bxf6 Bxf6 13.Nxc6 bxc6 14.b3 Rb8 15.bxc4 dxc4
16.e3 c5 17.d5 Bf5 18.e4 Qa5 19.Qd2 Bd7 20.Rfe1 Bd4 21.Bf1 Qa3 22.Rc2 Rb2
23.Rxb2 Bxc3 24.Re3 Bxd2 25.Rxa3 Bc1 26.Rxa7 Bxb2 27.Rxd7 f5 28.Bxc4 fxe4
29.d6+ Kh7 30.Bd5 Kg6 31.Bxe4+ Kf6 32.Rc7 Rd8 33.d7 Ke6 34.Bc6 Bf6 35.Bb5 Kd6
36.Rc8 Kd5 37.a4 Kd6 38.a5 c4 39.a6  1-0

[Event "Moscow Open 2012 A"]
[Site "Moscow RUS"]
[Date "2012.01.30"]
[Round "3.11"]
[White "Kovalenko,I"]
[Black "Bezgodov,A"]
[Result "0-1"]
[WhiteElo "2587"]
[BlackElo "2500"]

1.c4 e6 2.Nf3 d5 3.g3 Nf6 4.Bg2 Be7 5.O-O O-O 6.b3 c5 7.Bb2 Nc6 8.e3 b6 9.d4 Bb7
10.Nbd2 Rc8 11.Qe2 dxc4 12.bxc4 Na5 13.Rfd1 Qc7 14.Rac1 Rfd8 15.Nb3 Nxb3
16.axb3 a5 17.Ra1 Ne8 18.h4 Ra8 19.Qc2 Nf6 20.Ne5 Bxg2 21.Kxg2 Qb7+ 22.f3 Rac8
23.Qe2 Ne8 24.Rd2 Bd6 25.Ng4 Qc7 26.f4 cxd4 27.Bxd4 Bc5 28.Rad1 Bxd4 29.Rxd4 Rxd4
30.Rxd4 Rd8 31.Ne5 Rxd4 32.exd4 f6 33.Nf3 Kf7 34.h5 Qc6 35.Qd3 g6 36.Kh2 Nd6
37.Nd2 b5 38.c5 Nf5 39.g4 Ne7 40.hxg6+ hxg6 41.Ne4 a4 42.bxa4 bxa4 43.Nd6+ Kg7
44.f5 Qd5 45.fxe6 Qxe6 46.Qa6 Qa2+ 47.Kg3 Qb3+ 48.Kf2 Qb2+ 49.Ke3 Nd5+ 50.Kf3 Qb3+
51.Kg2 Ne3+ 52.Kg1 Nxg4 53.Qa7+ Kh6 54.Kg2 f5 55.Nf7+ Kh5 56.Qc7 Qc2+ 57.Kh3 Nf2+
58.Kg3 Ne4+ 59.Kh3 Qd3+ 60.Kg2 Qe2+ 61.Kh3 Qf3+ 62.Kh2 Qf2+ 63.Kh3 g5  0-1

[Event "ch-TUR 2012"]
[Site "Kemer TUR"]
[Date "2012.02.01"]
[Round "6"]
[White "Ikis,Melih Firat"]
[Black "Gurel,A"]
[Result "1/2-1/2"]
[WhiteElo "1913"]
[BlackElo "2004"]

1.c4 e6 2.Nf3 d5 3.g3 Nf6 4.Bg2 Be7 5.O-O O-O 6.d4 dxc4 7.Ne5 Nc6 8.Nxc6 bxc6
9.Bxc6 Rb8 10.Bg2 c5 11.dxc5 Qxd1 12.Rxd1 Bxc5 13.Nc3 e5 14.Na4 Be7 15.Be3 Bd7
16.Nc5 Bf5 17.b3 Ng4 18.Nd7 Nxe3 19.fxe3 c3 20.Nxb8 Rxb8 21.Rac1 c2 22.Rd2 Rc8
23.e4 Bg5 24.Rcxc2 Be3+ 25.Kf1 Bxd2 26.Rxd2 Be6 27.Kf2 Kf8 28.Bf1 Ke7 29.e3 Rc1
30.Rb2 Rc3 31.Bc4 Bxc4 32.bxc4 Ke6 33.Rb7 Rc2+ 34.Kf3 Rxa2 35.c5 a5 36.h4 a4  1/2-1/2

[Event "Moscow Open 2012 A"]
[Site "Moscow RUS"]
[Date "2012.02.01"]
[Round "5.62"]
[White "Looshnikov,N"]
[Black "Morozov,G"]
[Result "0-1"]
[WhiteElo "2497"]
[BlackElo "2351"]

1.c4 e6 2.Nf3 d5 3.g3 Nf6 4.Bg2 Be7 5.O-O O-O 6.d4 c6 7.Qc2 b5 8.cxb5 cxb5
9.Bf4 Bb7 10.a4 b4 11.Nbd2 Nc6 12.a5 Rc8 13.Qd3 Nb8 14.a6 Ba8 15.Ne5 Qb6
16.Nb3 Nfd7 17.Nf3 h6 18.Ra5 Rc4 19.Rfa1 Rfc8 20.Bf1 Bc6 21.Nbd2 Rc1 22.R1a2 g5
23.Be3 Nf8 24.Nb3 Rc4 25.h4 f6 26.Nc5 Be8 27.b3 Rc3 28.Qd1 Nc6 29.R5a4 Nxd4
30.Bxd4 Bxc5 31.Bxc3 Bxf2+ 32.Kg2 Rxc3 33.Rxb4 Qxb4 34.Kxf2 Qb6+ 35.Kg2 Rxb3
36.hxg5 hxg5 37.Qd4 Qxd4 38.Nxd4 Rb4 39.e3 e5 40.Nf5 Bd7 41.Nd6 Rb6 42.Nb7 Ne6
43.Kf2 Kf7 44.Rd2 Nc7 45.Nc5 Bb5 46.Bg2 Bc4 47.e4 d4 48.Rc2 Bxa6 49.Na4 Rb7
50.Nc5 Rb1 51.Nxa6 Nxa6 52.Bf1 Ra1 53.Rc6 Nb4 54.Rc7+ Ke6 55.Bh3+ Kd6 56.Rf7 Ra2+
57.Kf3 Nd3 58.Rxf6+ Kc5 59.Re6 a5 60.Bf5 a4 61.Kg4 a3 62.Ra6 Kb4 63.Rb6+ Kc3
64.Be6 Rb2 65.Ra6 Nc5 66.Rxa3+ Kb4 67.Ra2 Rxa2 68.Bxa2 d3 69.Bb1 d2 70.Bc2 Kc3  0-1

[Event "Moscow Open 2012 A"]
[Site "Moscow RUS"]
[Date "2012.02.02"]
[Round "6.70"]
[White "Zenzera,A"]
[Black "Kalinin,Niki"]
[Result "1/2-1/2"]
[WhiteElo "2337"]
[BlackElo "2194"]

1.c4 e6 2.Nf3 d5 3.g3 c6 4.Bg2 dxc4 5.a4 Nf6 6.O-O Qd5 7.Na3 Nbd7 8.Nc2 Bc5
9.Ne3 Bxe3 10.fxe3 Qa5 11.Qc2 Nb6 12.Qc3 Qxc3 13.bxc3 Nbd7 14.a5 Ne4 15.Ra4 Nd6
16.Ba3 c5 17.Ng5 Rb8 18.Ne4 Nxe4 19.Bxe4 b5 20.axb6 axb6 21.Rb1 O-O 22.Ra7 Rd8
23.Kf2 Nf6 24.Bc6 Bd7 25.Bb7 Ng4+ 26.Ke1 Nxh2 27.Rxb6 Bc8 28.Bxc5 Bxb7 29.Raxb7 Rxb7
30.Rxb7 Rc8 31.d4 Ng4 32.e4 Nf6 33.e5 Ne4 34.Bb4 h5 35.Kf1 Nxg3+ 36.Kf2 h4
37.Ra7 Ne4+ 38.Kf3 f5 39.exf6 Nxf6 40.e4 g5 41.Be7 Kf7 42.d5 exd5 43.exd5 g4+
44.Kf2 h3 45.d6 Ke6 46.Bxf6 Kxf6 47.Rh7 Ke6 48.Kg3 Kxd6 49.Kxg4 Ke5 50.Kxh3 Rd8
51.Re7+ Kf4 52.Kg2 Rd2+ 53.Kf1 Kf3 54.Ke1 Rh2 55.Kd1 Rh4 56.Kc2 Rh2+ 57.Kc1 Re2
58.Rd7 Ke3 59.Rd4 Rh2 60.Kb1 Rg2 61.Rxc4 Kd3 62.Rc8 Rh2 63.Rc7 Rg2 64.Rc6 Rh2
65.Rc8 Rg2 66.c4 Kc3 67.c5 Kb3 68.Kc1 Kb4 69.Kd1 Kb5 70.Ke1  1/2-1/2

[Event "Moscow Open 2012 A"]
[Site "Moscow RUS"]
[Date "2012.02.02"]
[Round "6.34"]
[White "Arun Prasad,S"]
[Black "Girya,O"]
[Result "1/2-1/2"]
[WhiteElo "2530"]
[BlackElo "2399"]

1.c4 e6 2.Nf3 d5 3.g3 Nf6 4.Bg2 dxc4 5.Qa4+ c6 6.Qxc4 b5 7.Qc2 Bb7 8.a4 Nbd7
9.O-O Rc8 10.b3 a6 11.Nc3 Qb6 12.d3 c5 13.e4 Be7 14.h3 O-O 15.Be3 Bc6 16.Rfc1 Qb7
17.Rab1 Rfd8 18.Qe2 Qa8 19.axb5 axb5 20.b4 cxb4 21.Na2 e5 22.Nxb4 Bb7 23.Qb2 Qb8
24.Bd2 Bc5 25.Bc3 Re8 26.Rc2 Qd6 27.Rd2 Qc7 28.Na2 Bc6 29.Bb4 Bxb4 30.Nxb4 Bb7
31.Rc2 Qd6 32.Bf1 h6 33.Na2 Rxc2 34.Qxc2 Rc8 35.Qd2 Bc6 36.Qb4 Qxb4 37.Nxb4 Bb7
38.Be2 Ne8 39.Ne1 Rc3 40.f3 Nd6 41.Nec2 g5 42.Kf2 Nc5 43.Ke1 Ne6 44.Kd2 Rc5
45.Rb3 Kf8 46.Rc3 Rxc3 47.Kxc3 f5 48.g4 Nf4 49.Bf1 fxg4 50.hxg4 h5 51.gxh5 Nxh5
52.d4 exd4+ 53.Nxd4 Nxe4+  1/2-1/2

[Event "Moscow Open 2012 A"]
[Site "Moscow RUS"]
[Date "2012.02.05"]
[Round "9.70"]
[White "Vafin,A"]
[Black "Morozov,G"]
[Result "0-1"]
[WhiteElo "2171"]
[BlackElo "2351"]

1.c4 e6 2.Nf3 d5 3.b3 Nf6 4.Bb2 c5 5.g3 d4 6.e3 Nc6 7.exd4 cxd4 8.Bg2 Be7
9.O-O e5 10.b4 e4 11.Ng5 Bf5 12.d3 exd3 13.a3 O-O 14.Nf3 Rc8 15.Qb3 Qd7 16.Re1 Ne4
17.Nh4 d2 18.Rd1 Bxh4 19.gxh4 d3 20.Nxd2 Nd4 21.Bxd4 Nxd2 22.Rxd2 Qxd4 23.Re1 Rxc4
24.Bxb7 Qxh4 25.Kh1 Qf4 26.Qb2 h5 27.f3 Rc2 28.Rxc2 dxc2 29.Be4 Bxe4 30.fxe4 Qf3+
31.Kg1 Qd1 32.Qc3 Rd8 33.e5 Qxe1+  0-1

[Event "11th Aeroflot Open B"]
[Site "Moscow RUS"]
[Date "2012.02.08"]
[Round "2"]
[White "Arun Prasad,S"]
[Black "Kreisl,R"]
[Result "1-0"]
[WhiteElo "2530"]
[BlackElo "2406"]

1.c4 e6 2.Nf3 d5 3.g3 Nf6 4.Bg2 dxc4 5.Qa4+ Nbd7 6.Qxc4 c5 7.a4 b6 8.Nc3 a6
9.e4 Bb7 10.O-O Ng4 11.Qe2 Nde5 12.Ne1 h5 13.h3 Nf6 14.f4 Nc6 15.d3 Nd4 16.Qd1 h4
17.g4 Be7 18.Be3 g5 19.e5 Nd5 20.Bxd4 cxd4 21.Nxd5 Bxd5 22.f5 Bxg2 23.Kxg2 Qd5+
24.Qf3 Rd8 25.f6 Bb4 26.Qxd5 Rxd5 27.Nf3 Ra5 28.Rfc1 Rc5 29.a5 Kd7 30.axb6 Rb8
31.Nxg5 Rxb6 32.Nxf7 Rxc1 33.Rxc1 Bf8 34.Rc4 Rxb2+ 35.Kf3 Rh2 36.Rxd4+ Kc7
37.Ng5 Kc6 38.Nxe6 Rxh3+ 39.Kf4 Ba3 40.Rc4+ Kd7 41.Ng7 Rxd3 42.e6+ Kd8 43.Re4 Bc1+
44.Kf5  1-0

[Event "11th Aeroflot Open B"]
[Site "Moscow RUS"]
[Date "2012.02.10"]
[Round "4"]
[White "Froewis,G"]
[Black "Chubar,V"]
[Result "1-0"]
[WhiteElo "2424"]
[BlackElo "2078"]

1.Nf3 e6 2.c4 d5 3.d4 c6 4.e3 f5 5.Bd3 Nf6 6.O-O Bd6 7.b3 Qe7 8.Bb2 O-O 9.Qc1 Ne4
10.Ba3 Bxa3 11.Qxa3 Qf6 12.Ne5 Nd7 13.f4 Nxe5 14.dxe5 Qd8 15.Bxe4 fxe4 16.Nc3 Bd7
17.Rad1 Qb6 18.Qc1 Be8 19.Na4 Qb4 20.cxd5 exd5 21.Nc5 b6 22.Ne6 Rf7 23.Nd4 Rc8
24.e6 Rf6 25.g4 Qe7 26.f5 Rh6 27.Rd2 c5 28.Rg2 Rc7 29.Ne2 g5 30.fxg6 Rxg6
31.Nf4 Rg5 32.h4 Re5 33.Qb2 d4 34.Rgf2 Qxh4 35.Ng2 Qe7 36.exd4 Rxe6 37.d5 Rg6
38.Ne3 Bd7 39.Rf8+ Qxf8 40.Rxf8+ Kxf8 41.Qh8+ Rg8 42.Qf6+ Ke8 43.d6 Bxg4
44.dxc7 Be6+ 45.Kh2 Kd7 46.Nf5 Re8 47.Ng7  1-0

[Event "TCh-CAT 2012"]
[Site "Catalunya ESP"]
[Date "2012.02.11"]
[Round "3.7"]
[White "Rodriguez Vargas,O"]
[Black "Pijuan Herranz,M"]
[Result "1/2-1/2"]
[WhiteElo "2403"]
[BlackElo "2260"]

1.c4 e6 2.Nf3 d5 3.d4 Nf6 4.Nc3 Nbd7 5.Bg5 Bb4 6.cxd5 exd5 7.e3 c5 8.Bd3 Qa5
9.Qc2 c4 10.Bf5 O-O 11.O-O Re8 12.Bh4 g6 13.Bh3 Bxc3 14.bxc3 Ne4 15.Rac1 Nb6
16.Bxc8 Raxc8 17.Nd2 Rc6 18.f3 Nxd2 19.Qxd2 Rce6 20.Rfe1 f5 21.h3 Qa3 22.g4 fxg4
23.hxg4 Na4 24.Rc2 Qf8 25.Kg2 b5 26.Bg3 Qe7 27.Be5 Nc5 28.dxc5 Rxe5 29.f4 Rxe3
30.Rxe3 Qxe3 31.Qxd5+ Kg7 32.Rf2 Qe6 33.Qxe6 Rxe6 34.Rb2 a6 35.a4 bxa4 36.Ra2 Rc6
37.Rxa4 Kf6 38.Kf3 h5 39.gxh5 gxh5 40.Ke4 Rxc5 41.Rxa6+ Kg7 42.f5 Rc8 43.Rg6+ Kf7
44.Rh6 Rd8 45.Rxh5 Rd3 46.Ke5 Rxc3 47.Rh7+ Kg8 48.Rc7 Rc1 49.Kf6 c3 50.Rc8+ Kh7
51.Kf7 Ra1  1/2-1/2

[Event "e2e4 Brighton Masters"]
[Site "Brighton ENG"]
[Date "2012.02.19"]
[Round "8"]
[White "Ueti,S"]
[Black "Rausis,I"]
[Result "1/2-1/2"]
[WhiteElo "2150"]
[BlackElo "2498"]

1.c4 e6 2.Nf3 d5 3.b3 Be7 4.e3 c5 5.Bb2 Bf6 6.Nc3 Nc6 7.a3 Nge7 8.Qc2 O-O
9.Bd3 g6 10.h4 Bg7 11.h5 d4 12.Ne4 b6 13.hxg6 hxg6 14.O-O-O e5 15.Neg5 f5
16.e4 f4 17.Rdg1 Qd6 18.Nh7 Re8 19.g3 Bg4 20.Qd1 Qd7 21.Bf1 Rf8 22.Nxf8 Rxf8
23.d3  1/2-1/2

[Event "16th Metropolitan IM"]
[Site "Los Angeles USA"]
[Date "2012.02.22"]
[Round "1"]
[White "Troff,Kayden W"]
[Black "King,Alexander B"]
[Result "1/2-1/2"]
[WhiteElo "2257"]
[BlackElo "2081"]

1.c4 e6 2.Nf3 d5 3.g3 Nf6 4.Bg2 c5 5.cxd5 exd5 6.d4 Nc6 7.Nc3 Be7 8.O-O O-O
9.dxc5 Bxc5 10.Bg5 Be6 11.Bxf6 Qxf6 12.Nxd5 Qxb2 13.Nc7 Rad8 14.Qc1 Qxc1
15.Raxc1 b6 16.Nxe6 fxe6 17.e3 h6 18.Rc4 Rf6 19.a4 Nb4 20.Ne5 Rd2 21.Be4 Nd5
22.Nd3 Nxe3 23.Rxc5 bxc5 24.fxe3 Rxf1+ 25.Kxf1 c4 26.Ne1 Rxh2 27.Ng2 Rh1+
28.Ke2 Ra1 29.Bc2 Rg1 30.Be4 Kf7 31.Kd2 Kf6 32.Nf4 Ke5 33.Ne2 Ra1 34.Bc2 Kd5
35.Nc3+ Kc5 36.Nb5 a5 37.Nc7 Kd6 38.Ne8+ Ke7 39.Nxg7 Kf7 40.Nh5 Rh1 41.Nf4 e5
42.Nd5 Rg1 43.Nb6 c3+ 44.Kxc3 Rxg3 45.Nc4 Ke6 46.Nxa5 Rxe3+ 47.Kb4 h5 48.Nc4 Re2
49.Bd1 Rf2 50.Bxh5 e4 51.a5 Kd7 52.Bg6 Rf4 53.Ne3 Kc8 54.Nd5 Rh4 55.Kb5 Kb8
56.a6 Rh6 57.Bxe4 Ka7 58.Nc7 Rxa6 59.Nxa6  1/2-1/2

[Event "TCh-ISR 2011-12"]
[Site "Israel ISR"]
[Date "2012.03.02"]
[Round "11.3"]
[White "Galburd,Y"]
[Black "Huzman,A"]
[Result "1/2-1/2"]
[WhiteElo "2329"]
[BlackElo "2601"]

1.c4 e6 2.Nf3 d5 3.g3 dxc4 4.Bg2 Nd7 5.O-O Ngf6 6.Qc2 c5 7.Na3 Rb8 8.Nxc4 b5
9.Nce5 Bb7 10.Nxd7 Nxd7 11.b3 Be7 12.Bb2 O-O 13.Rac1 Qb6 14.Ne5 Nxe5 15.Bxe5 Rbc8
16.Bxb7 Qxb7 17.d3 Rfd8 18.Qb2 Bf8 19.Rc2 Rc6  1/2-1/2

[Event "32nd TCh-IND 2012"]
[Site "Panaji IND"]
[Date "2012.03.02"]
[Round "7"]
[White "Bakre,T"]
[Black "Kamble,V"]
[Result "1/2-1/2"]
[WhiteElo "2509"]
[BlackElo "2458"]

1.c4 e6 2.Nf3 d5 3.g3 c5 4.cxd5 exd5 5.d4 Nc6 6.Bg2 Nf6 7.O-O Be7 8.Nc3 O-O
9.dxc5 Bxc5 10.Na4 Be7 11.Be3 b6 12.Rc1 Qd7 13.Nd4 Bb7 14.Nxc6 Bxc6 15.Nc3 b5
16.Bd4 Rfd8 17.Nb1 b4 18.Nd2 Ba4 19.Nb3 Rac8 20.Rxc8 Rxc8 21.Qb1 Bb5 22.Re1 Bc4
23.Nd2 Bb5 24.Nf1 Qg4 25.Qd1 Qd7 26.Ne3 Ne4 27.Be5 Bc6 28.Qb1 Bc5 29.Bxe4 dxe4
30.Rd1 Qe6 31.Bd4 Bf8 32.b3 Bb5 33.Rd2  1/2-1/2

[Event "83rd ch-GER 2012"]
[Site "Osterburg GER"]
[Date "2012.03.03"]
[Round "2"]
[White "Donchenko,Alexa"]
[Black "Libeau,R"]
[Result "0-1"]
[WhiteElo "2309"]
[BlackElo "2399"]

1.Nf3 e6 2.c4 d5 3.d4 c6 4.e3 Bd6 5.Bd3 f5 6.b3 Nf6 7.O-O Qe7 8.Bb2 O-O 9.Ne5 b6
10.Nd2 Bb7 11.Rc1 Nfd7 12.f4 Nf6 13.Ndf3 a5 14.a3 Nbd7 15.cxd5 Nxd5 16.Nc4 Bc7
17.Qe2 c5 18.Nce5 Nxe5 19.dxe5 a4 20.bxa4 Rxa4 21.g3 h6 22.h4 Qf7 23.Rf2 Qh5
24.Bc2 Raa8 25.e4 Ne7 26.Qc4 Qg6 27.Kh2 Bxe4 28.Bxe4 fxe4 29.Ne1 Nf5 30.Qb3 Rad8
31.Rg2 Nd4 32.Bxd4 Rxd4 33.Qb5 Qe8 34.Qxe8 Rxe8 35.Nc2 Rc4 36.Rd1 Kf7 37.Re2 Rd8
38.Rxd8 Bxd8 39.Kg2 b5 40.Kf2 Rc3 41.h5 c4 42.Kg2 Bb6 43.Kh3 Bc5 44.Kg4 g6
45.hxg6+ Kxg6 46.Kh4 Kf5 47.Rg2 e3 48.Kh5 Rd3 49.Kxh6 Rd2 50.Ne1 Rxg2 51.Nxg2 Kg4  0-1

[Event "2nd HD Bank Cup 2012"]
[Site "Ho Chi Minh City VIE"]
[Date "2012.03.04"]
[Round "4.21"]
[White "Garcia,Jan"]
[Black "Tong,Thai Hung"]
[Result "1-0"]
[WhiteElo "2405"]
[BlackElo "2126"]

1.c4 e6 2.Nf3 d5 3.d4 c6 4.b3 Nf6 5.g3 Bb4+ 6.Bd2 Bd6 7.Nc3 O-O 8.Qc2 Nbd7
9.Bg2 Re8 10.O-O dxc4 11.bxc4 e5 12.e3 h6 13.Rfd1 exd4 14.exd4 Nf8 15.Rab1 Re7
16.h3 Ng6 17.d5 cxd5 18.cxd5 Rc7 19.Qd3 Bd7 20.Nb5 Bxb5 21.Qxb5 Ne4 22.Ba5 b6
23.Be1 Nc3 24.Bxc3 Rxc3 25.Nd4 Qg5 26.Rb3 Rc1 27.Qe2 Rac8 28.Nc6 Rc7 29.Qe8+ Nf8
30.Qe2 Rxd1+ 31.Qxd1 Nd7 32.Re3 Nf6 33.Qe2 Kh7 34.Qd3+ Kg8 35.Re1 h5 36.h4 Qg4
37.Bf3 Qd7 38.Kg2 Bc5 39.Qe2 Bf8 40.Qe5 Qd6 41.Qg5 Rd7 42.Rd1 Qc5 43.Ne5 Re7
44.Nd3 Qb5 45.d6 Qxg5 46.hxg5 Rd7 47.gxf6 Rxd6 48.fxg7 Bxg7 49.Bxh5 Rd5 50.Nf4 Rxd1
51.Bxd1 Kf8 52.Kf3 Ke7 53.Ke4 Kd6 54.Bb3 f6 55.Nh5  1-0

[Event "ch-Moscow S/F 2012"]
[Site "Moscow RUS"]
[Date "2012.03.04"]
[Round "7"]
[White "Kurdakov,Y"]
[Black "Paramzina,A"]
[Result "0-1"]
[WhiteElo "2219"]
[BlackElo "1902"]

1.c4 e6 2.Nf3 d5 3.b3 Nf6 4.Bb2 c5 5.e3 Nc6 6.d4 cxd4 7.Nxd4 Bb4+ 8.Bc3 Be7
9.Bd3 Nb4 10.Be2 e5 11.Nc2 Nxc2+ 12.Qxc2 d4 13.Bd2 g6 14.exd4 Bf5 15.Qb2 exd4
16.Bh6 Qa5+ 17.Nd2 O-O-O 18.O-O Ba3 19.b4 Bxb2 20.bxa5 Bxa1 21.Rxa1 Rhe8
22.Bf3 Re6 23.h3 Rde8 24.g4 Re1+ 25.Rxe1 Rxe1+ 26.Kg2 Bd7 27.Bg7 Re6 28.Nb3 d3
29.Nc5 Bc6 30.Nxd3 Ne8 31.Bc3 Bxf3+ 32.Kxf3 Nd6 33.c5 Ne4 34.Bb4 Ng5+ 35.Kg3 Rf6
36.f4 Re6 37.Ne5 f6 38.Nc4 Ne4+ 39.Kf3 Kd7 40.a6 bxa6 41.Na5 h6 42.h4 f5
43.Nb3 fxg4+ 44.Kxg4 Nf2+ 45.Kf3 Nd3 46.Bc3 Re7 47.Nd4 Nxc5 48.Bb4 Ne6 49.Nc6 Rg7
50.Ne5+ Kc7 51.Ke4 Kb6 52.Bd6 Rg8 53.Be7 a5 54.a3 a6 55.Bd6 Kb5 56.Nf7 h5
57.Ke5 Ng7 58.Nh6 Rh8 59.Kf6 Ne8+ 60.Ke5 Ng7 61.Nf7  0-1

[Event "ch-Moscow S/F 2012"]
[Site "Moscow RUS"]
[Date "2012.03.05"]
[Round "8"]
[White "Kostin,K"]
[Black "Morozov,G"]
[Result "0-1"]
[WhiteElo "2289"]
[BlackElo "2351"]

1.c4 e6 2.Nf3 d5 3.d4 c6 4.e3 Nf6 5.b3 Nbd7 6.Bd3 b5 7.O-O Rb8 8.cxb5 cxb5
9.Qe2 b4 10.Nbd2 Bd6 11.Bb2 O-O 12.Ne5 Bb7 13.Rfc1 Rc8 14.Bb5 Nb8 15.Rxc8 Qxc8
16.Rc1 Qd8 17.Bd3 Qa5 18.Bb1 Rc8 19.Rxc8+ Bxc8 20.Qd3 Qc7 21.h3 Ba6 22.Qc2 Qxc2
23.Bxc2 Nfd7 24.f4 Nb6 25.Kf2 f6 26.Nef3 Nc6 27.g4 Ne7 28.Nf1 Bb5 29.Ng3 a5
30.Bc1 h6 31.h4 Kf7 32.h5 Nd7 33.Bd2 Nc6 34.Bg6+ Kf8 35.Bc2 Bc7 36.Nh4 e5
37.dxe5 fxe5 38.Ng6+ Kf7 39.Bf5 Nc5 40.g5 e4 41.Bg4 hxg5 42.fxg5 Bd8 43.Nf5 Kg8
44.Nd4 Nxd4 45.exd4 Bd7 46.Bxd7 Nxd7 47.Kg3 Nb8 48.Kf4 Nc6 49.Be3 Bb6 50.Ne5 Nxd4
51.Kg4 Bc5 52.Ng6 Nxb3 53.axb3 Bxe3 54.Ne7+ Kf8 55.Nxd5 Bd2 56.Nb6 Bxg5 57.Nc4 Bd2
58.Nxa5 e3 59.Kf3 Kf7 60.Nc4 Ke6 61.Ke2 Kf5 62.Nd6+ Kg5 63.Ne8 Bc3 64.Kxe3 Kxh5
65.Nd6 Kg4 66.Ne4 Be5 67.Nf2+ Kf5 68.Kf3 Bf4 69.Ng4 Bd6 70.Ne3+ Ke5 71.Nc2 Bc5
72.Ke2 Ke4 73.Ne1 Be7 74.Nd3 Bd6 75.Nf2+ Kd4 76.Nd1 Bf4 77.Nf2 Kc3 78.Nd3 Bg5
79.Nc5 Be7 80.Ne6 Bf6 81.Nc5 Be5 82.Kf3 Bd4 83.Ne6 Bf6 84.Nc5 Be7 85.Ne6 Kxb3
86.Nxg7 Ka2 87.Nf5 b3 88.Ng3 b2 89.Ne2 Bb4  0-1

[Event "83rd ch-GER 2012"]
[Site "Osterburg GER"]
[Date "2012.03.05"]
[Round "4"]
[White "Pohl Kuemmel,JU"]
[Black "Andre,G"]
[Result "0-1"]
[WhiteElo "2319"]
[BlackElo "2384"]

1.c4 e6 2.Nf3 d5 3.d4 Nf6 4.Nc3 Be7 5.Bg5 h6 6.Bh4 O-O 7.e3 b6 8.Be2 Bb7
9.Bxf6 Bxf6 10.cxd5 exd5 11.b4 c6 12.Qb3 a5 13.bxa5 Rxa5 14.O-O Nd7 15.Rab1 Qa8
16.a4 Rc8 17.Rfc1 Bd8 18.Bd3 g6 19.e4 dxe4 20.Nxe4 Be7 21.Bc4 Rf8 22.Nc3 Kg7
23.Re1 Bf6 24.Re3 Rf5 25.Ne4 c5 26.Nxf6 Rxf6 27.Ne5 Nxe5 28.dxe5 Rf4 29.e6 Bc6
30.exf7 Qxa4 31.Qc3+ Rd4 32.Bb3 Qb4 33.Qc1 Qd2 34.Qxd2 Rxd2 35.h4 Rd4 36.Bc2 b5
37.Re6 Bd7 38.Rxg6+ Kxf7 39.Rxh6 Rd2 40.Be4 c4 41.Rb6 c3 42.Rc1 Rc8 43.Bc2 Ke7
44.h5 Rf8 45.f3 Rg8 46.Bg6 Ra8 47.Be4 Raa2 48.f4 Bf5 49.Bf3 Bg4 50.Rxc3 Bxf3
51.Rxf3 Rxg2+ 52.Kf1 Rh2 53.Kg1 Rhg2+ 54.Kf1 Rgb2 55.Re3+ Kf7 56.Rbe6 b4
57.Re1 b3 58.Rb6 Rf2+ 59.Kg1 Rg2+ 60.Kh1 Rh2+ 61.Kg1 Rag2+ 62.Kf1 Rc2 63.Kg1 b2
64.h6 Rhg2+ 65.Kh1 Rge2 66.Rb7+ Kg6 67.Rb6+ Kh7 68.Rb7+ Kxh6 69.Rb6+ Kh7
70.Rb7+ Kh6 71.Rb6+ Kh5 72.Rb5+ Kh4  0-1